000 01188nam a22003377a 4500
003 CHAP
005 20220329135548.0
008 971013s1984 r 00010 d
010 _a38546
011 _a39518
035 _a43639
040 _cCHAP
090 _aTesis
100 0 0 _aEsparza Guerrero, Juan Francisco.
_937758
245 _aEstudio bacteriológico cualitativo del agua de bebida, realizado en cincuenta granjas avícolas de la Comarca Lagunera
260 _aTorreón, Coah. :
_bEl autor,
_c1984
300 _a13 h.
_b: ilus.
502 _aTesis (Médico Veterinario Zootecnista) -- Universidad Agraria Antonio Narro
590 _aALEPH
_b10
_c20130110
_lUCH01
_h1304
590 _aBATCH-UPD
_b10
_c20130110
_lUCH01
_h1858
590 _aBATCH-UPD
_b10
_c20130410
_lUCH01
_h1226
590 _aBATCH-UPD
_b10
_c20130914
_lUCH01
_h0454
590 _aCONVERSION
_b10
_c20130109
_lUCH01
_h1321
650 1 4 _aAgua
_xBacteriologia.
_92314
650 1 4 _aAgua
_xContaminacion
_xEfecto en animales.
_92353
650 1 4 _aAvicultura
_xComarca Lagunera.
_98718
650 1 4 _aGranjas avícolas.
_950400
901 _aBK
942 _cTESIS
949 _bBC
_cTES
_d-99856
_eTS1
_h19634
_i43639
_si
999 _c38546
_d38546